| 000 | 00913nam a22002657a 4500 | ||
|---|---|---|---|
| 005 | 20150310113226.0 | ||
| 010 | _aBAC-EN21 ENG-111767 | ||
| 020 |
_a9788121926119 _c495.00 |
||
| 020 |
_a8121926114 _c495.00 |
||
| 035 | _aEN-95299 | ||
| 035 | _aB-593071-097 | ||
| 037 |
_bUBH/Ven _adpl |
||
| 037 | _bDBAD/PUB | ||
| 082 | _a535 | ||
| 100 | _aSubrahmanyam, N. | ||
| 245 |
_aA textbook of optics for B.Sc. classes as per UGC model syllabus / _cby N. Subrahmanyam [and] Brij Lal ; revised by M.N. Avadhanulu |
||
| 250 | _aMulticolour illustrative ed | ||
| 260 |
_aNew Delhi _bS. Chand _c2014(repr.) |
||
| 270 |
_a7361, Ram Nagar _bNew Delhi _e110055 |
||
| 300 |
_axx,729p. : _c24cm(pbk) _bcol.ill. |
||
| 700 | _aBri Lal | ||
| 700 | _aAvadhanulu, M.N. | ||
| 942 |
_2ddc _cEN _mSUB _h535 |
||
| 999 |
_c89089 _d89089 |
||